Famines les plus importantes - Statistiques

Statistiques générales
  • Ce quiz a été pris 92 fois
  • Le résultat moyen est 7 sur 10
Statistiques - réponses
Date Nombre de morts Pays % Correct
1959-1961 11 à 40 millions Chine
91%
1906-1907 25 millions Chine
91%
1876-1879 9 à 13 millions Chine
91%
1932-1933 5 à 8 millions Ukraine, Kazakhstan, russie, Bielorussie
84%
1783-1784 11 millions Inde
74%
1789-1793 11 millions Inde
74%
1769-1773 10 millions Inde
74%
1630-1632 7,4 millions Inde
74%
1876-1878 5,5 millions Inde
74%
1315-1317 7,5 millions Europe
19%
Aucun quiz correspondant
Distribution des résultats
% des personnes avec chaque résultat
Percentile par nombre de réponses
Votre historique - résultats
Vous n’avez pas pris ce quiz